000 00998 a2200325 4500
001 108504
020 _a0329088165
020 _a0329635239
020 _a0395919096 (pbk.)
020 _a0395919185 (RNF)
020 _a0395923387 (hc)
020 _a9780395919095
041 _aeng
082 _aAP Nursery [E]
092 _a98021326
100 _aRey's, Margret & H.A.
246 _aCurious George and the hot air balloon
300 _a24 p.
697 _aCurious George (Fictional character) - Fiction.
697 _aHot air balloons - Fiction.
697 _aCurious George (Fictitious character) - Fiction.
697 _aMonkeys - Fiction.
697 _aMount Rushmore National Memorial (S.D.) - Fiction.
856 _u00001a/00001aaf.jpg
040 _aBR-BrIDEA
_cBR-BrIDEA
090 _aAP Nursery [E]
_bREY
245 1 0 _aMargret & H.A. Rey's Curious George and the hot air balloon
_c Margret & H.A Rey's
260 _a[s.l.]
_bHoughton Mifflin
_c1998
942 _cBK
999 _c108504
_d108504